000 00550cab a2200193 4500
001 X1582
008 090401t1994 xxu||||| |||| 00| 0 eng d
035 _a(Sirsi) u17871
041 _aeng
245 _aHonorary degree for RICS President
260 _c1994
350 _a0
490 _aRICS Press Release
_v(PR124/94corp) 21 July 1994,
520 _aRICS President Roy Swanston has been awarded an honorary doctorate by the University of Salford.
650 _aRICS PRESIDENT
650 _aROY SWANSTON
942 _n0
948 _c04/03/1997
999 _c11851
_d11851